000 00267nam a22001217a 4500
008 170313b xxu||||| |||| 00| 0 eng d
041 _aeng
080 _a591
100 _a7
101 _aSHM
245 _aRESTRAINT DOMESTIC ANIMALS
_cSONSTHAGEN.T.F
942 _2udc
_cBK
999 _c7660
_d7660